2025-26 Starting QB/RB/WR/TE All NFL Teams - Statistics

General Stats
  • This quiz has been taken 259 times
  • The average score is 36 of 160
Answer Stats
Team Players % Correct
Cardinals Kyler Murray
97%
Giants Russell Wilson
66%
Garrett Wilson
64%
Falcons Michael Penix Jr.
63%
Ravens Lamar Jackson
61%
Bills Josh Allen
58%
Bijan Robinson
56%
Panthers Bryce Young
54%
Bears Caleb Williams
51%
Derrick Henry
51%
Colts Daniel Jones
50%
Javonte Williams
50%
Packers Jordan Love
50%
Kyren Williams
50%
Bengals Joe Burrow
48%
Cowboys Dak Prescott
47%
Raiders Geno Smith
47%
James Cook
47%
49ers Mac Jones
47%
Aaron Jones
46%
Broncos Bo NIx
46%
Hunter Henry
46%
Lions Jared Goff
46%
Chiefs Patrick Mahomes
46%
Amon-Ra St. Brown
45%
Texans C.J Stroud
45%
DeVonta Smith
45%
Chargers Justin Herbert
44%
Rams Matthew Stafford
44%
Jaguars Trevor Lawrence
44%
Eagles Jalen Hurts
42%
Dolphins Tua Tagovailoa
42%
Steelers Aaron Rodgers
41%
Drake London
41%
Patriots Drake Maye
41%
A.J Brown
40%
Buccaneers Baker Mayfield
40%
Commanders Jayden Daniels
40%
Browns Joe Flacco
40%
Jets Justin Fields
40%
Seahawks Sam Darnold
40%
Vikings J.J McCarthy
39%
Trey McBride
38%
Titans Cam Ward
37%
Ja'Marr Chase
37%
Chuba Hubbard
35%
Mark Andrews
34%
Jahmyr Gibbs
33%
Saints Spencer Rattler
33%
D'Andre Swift
29%
Jonathan Taylor
29%
Saquon Barkley
29%
CeeDee Lamb
28%
Zay Flowers
28%
Travis Kelce
27%
Jaxon Smith-Njigba
26%
Josh Jacobs
26%
Puka Nacua
25%
DJ Moore
24%
Nick Chubb
24%
Christian McCaffrey
23%
J.K Dobbins
23%
Justin Jefferson
23%
Tyreek Hill
23%
Alvin Kamara
22%
De'Von Achane
22%
Marvin Harrison Jr
22%
Stefon Diggs
21%
Courtland Sutton
20%
George Pickens
20%
Jerry Jeudy
20%
Brian Thomas Jr
19%
DK Metcalf
19%
George Kittle
19%
Nico Collins
19%
Dalton Kincaid
18%
Mike Evans
18%
Chase Brown
17%
Keon Coleman
17%
Kyle Pitts
17%
Rhamondre Stevenson
17%
Cooper Kupp
16%
Deebo Samuel
16%
Malik Nabers
16%
Tee Higgins
16%
Travis Hunter
15%
Kenneth Walker
14%
Khalil Shakir
14%
Ashton Jeanty
13%
Breece Hall
13%
Jakobi Meyers
13%
James Connor
13%
Michael Pittman Jr
13%
Rome Odunze
13%
Sam LaPorta
13%
T.J Hockenson
13%
Bucky Irving
12%
Jameson Williams
12%
Michael Wilson
12%
Romeo Doubs
12%
Calvin Ridley
11%
Dallas Goedert
11%
Darnell Mooney
11%
David Njoku
11%
Jake Ferguson
11%
Tyler Warren
11%
Brock Bowers
10%
Chris Olave
10%
Cole Kmet
10%
Darren Waller
10%
Evan Engram
10%
Ladd McConkey
10%
Matthew Golden
10%
Omarion Hampton
10%
Quinshon Judkins
10%
Terry McLaurin
10%
Tony Pollard
10%
Travis Etienne Jr
10%
Tucker Kraft
10%
Zach Ertz
10%
Emeka Egbuka
9%
Jordan Addison
9%
Rashod Bateman
9%
Alec Pierce
8%
Isaiah Pacheco
8%
Tyler Higbee
8%
Tyrone Tracy Jr
8%
Xavier Legette
8%
Brenton Strange
7%
Dalton Schultz
7%
Mike Gesicki
7%
Ricky Pearsall
7%
AJ Barner
6%
Hollywood Brown
6%
Calvin Austin
5%
Cedric Tillman
5%
Christian Kirk
5%
Jauan Jennings
5%
Juwan Johnson
5%
Pat Freiermuth
5%
Theo Johnson
5%
Tre Tucker
5%
DeMario Douglas
4%
Mason Taylor
4%
Rashid Shaheed
4%
Tommy Tremble
4%
Tyler Lockett
4%
Will Dissly
4%
Wan'Dale Robinson
3%
Chigoziem Okonkwo
2%
Marvin Mims Jr
2%
Quentin Johnson
2%
Jacoby Croskey-Merritt
1%
Jaylon Waddle
1%
Jaylon Warren
1%
Josh Reynolds
1%
Caden Otton
0%
Davante Williams
0%
Tetiaroa McMillian
0%
Tyquon Thorton
0%
No matching quizzes found
Score Distribution
Percent of People with Each Score
Percentile by Number Answered
Your Score History
You have not taken this quiz